[Event "IX Open Autunno"]
[Site "Robecchetto con Induno ITA"]
[Date "2012.10.25"]
[Round "4"]
[White "Marchesotti, Giovanni"]
[Black "Minore, Antonino"]
[WhiteElo "1555"]
[BlackElo "1295"]
[Result "1-0"]
[PlyCount "67"]
[EventDate "2012.10.04"]

1. Nf3 d6 2. c4 Bg4 3. e3 Bxf3 4. Qxf3 Nc6 5. d4 Nf6 6. Nc3 e5 7. d5 Nb4 8. Qd1
Be7 9. Qa4+ Nc6 10. dxc6 bxc6 11. Qxc6+ Nd7 12. Nd5 Rc8 13. Nxe7 Qxe7 14. Be2
O-O 15. O-O Nc5 16. Bd2 f5 17. Bb4 Ne4 18. Bd3 Ng5 19. Bd2 Rf6 20. Rae1 Rg6 21.
Bxf5 Rh6 22. Bxc8 Qf7 23. Qd5 Qxd5 24. cxd5 Ne4 25. Ba5 g5 26. Rc1 Kg7 27.
Rxc7+ Kf6 28. Rc4 Rh4 29. f3 Nc5 30. Rxh4 gxh4 31. Rc1 Nd3 32. Rc2 Ke7 33. Ba6
Kf7 34. Bxd3 1-0

[Event "IX Open Autunno"]
[Site "Robecchetto con Induno ITA"]
[Date "2012.10.25"]
[Round "4"]
[White "Redamante, Marzio"]
[Black "Santarelli, Sabatino"]
[WhiteElo "1491"]
[BlackElo "1604"]
[Result "0-1"]
[PlyCount "122"]
[EventDate "2012.10.04"]

1. c4 c5 2. Nc3 Nc6 3. Nf3 Nf6 4. g3 g6 5. d3 Bg7 6. Bg2 O-O 7. O-O d5 8. cxd5
Nxd5 9. Nxd5 Qxd5 10. a3 Qd8 11. Qc2 Qa5 12. Bd2 Qb5 13. Rab1 Be6 14. b3 Rac8
15. Rfc1 Nd4 16. Nxd4 cxd4 17. Qd1 b6 18. Rxc8 Rxc8 19. Bb7 Rc7 20. a4 Qh5 21.
Bf3 Bg4 22. Bxg4 Qxg4 23. f3 Qc8 24. Rc1 e6 25. Rc4 Rxc4 26. bxc4 Qc6 27. Qb3
Bf8 28. Bf4 Bd6 29. Bh6 a5 30. Qb2 e5 31. Bg5 Bb4 32. Qb3 Kg7 33. Bc1 Qc5 34.
Kg2 h6 35. Qc2 g5 36. Bd2 Kg6 37. Bxb4 Qxb4 38. Kf2 h5 39. e3 f5 40. exd4 exd4
41. Qe2 Kf6 42. f4 gxf4 43. gxf4 Qd6 44. Qxh5 Qxf4+ 45. Qf3 Qxh2+ 46. Kf1 Qd6
47. Qf2 Ke6 48. Qe2+ Qe5 49. Qf3 Kd6 50. Qg2 Kc5 51. Qb2 Qf4+ 52. Ke1 Qe3+ 53.
Kf1 Qxd3+ 54. Kg1 Qxc4 55. Qf2 Qc1+ 56. Kh2 f4 57. Qe2 Qc4 58. Qe5+ Kb4 59.
Qxf4 Kxa4 60. Qd2 d3 61. Qd1+ Qc2+ 0-1

[Event "IX Open Autunno"]
[Site "Robecchetto con Induno ITA"]
[Date "2012.10.25"]
[Round "4"]
[White "Sartorio, Alessandro"]
[Black "Sigismondi, Piero"]
[WhiteElo "1221"]
[BlackElo "1416"]
[Result "0-1"]
[PlyCount "76"]
[EventDate "2012.10.04"]

1. e4 c6 2. d4 d5 3. Nc3 g6 4. e5 Bg7 5. Nf3 Bg4 6. h3 Bf5 7. Bd3 Bxd3 8. Qxd3
e6 9. Bg5 Ne7 10. O-O O-O 11. Ne2 Qc7 12. Nh4 c5 13. Bf6 cxd4 14. Qxd4 Nec6 15.
Qf4 Nd7 16. Nf3 Nxf6 17. exf6 Qxf4 18. Nxf4 Bxf6 19. Rad1 Nb4 20. c3 Nc6 21.
Nd3 b6 22. Rfe1 Rfe8 23. Nfe5 Nxe5 24. Nxe5 Bxe5 25. Rxe5 f6 26. Re3 Rad8 27.
b3 Kf7 28. c4 d4 29. Red3 e5 30. Rc1 e4 31. Rd2 f5 32. c5 e3 33. fxe3 dxe3 34.
Rxd8 Rxd8 35. c6 e2 36. Kf2 Rd1 37. Rc2 e1=Q+ 38. Kf3 Qe4+ 0-1

[Event "IX Open Autunno"]
[Site "Robecchetto con Induno ITA"]
[Date "2012.10.25"]
[Round "4"]
[White "Testa, Loris"]
[Black "Moroni, Luca"]
[WhiteElo "1909"]
[BlackElo "1873"]
[Result "1-0"]
[PlyCount "85"]
[EventDate "2012.10.04"]

1. g4 c5 2. Bg2 d6 3. b3 Nc6 4. h3 e5 5. Bb2 Nge7 6. c4 g6 7. e3 Bg7 8. Nc3 O-O
9. Nge2 Be6 10. Ng3 f5 11. gxf5 Nxf5 12. Nxf5 Rxf5 13. Qg4 Qd7 14. h4 Raf8 15.
O-O-O Ne7 16. Bh3 R5f6 17. Qg3 Bxh3 18. Rxh3 Rxf2 19. h5 Qf5 20. hxg6 Qxg6 21.
Qh4 Nc6 22. Rg3 Qf6 23. Qh3 Nb4 24. Ne4 Qf5 25. Qxf5 R2xf5 26. Nxd6 Nd3+ 27.
Kc2 Nxb2 28. Rdg1 R5f7 29. Nxf7 Rxf7 30. Kxb2 Rd7 31. Kc2 h6 32. Rg6 Kh7 33.
Kd1 Rf7 34. Ke2 Bf6 35. Kd3 Bg5 36. Re6 Rd7+ 37. Ke2 Kg7 38. Rxe5 Kf6 39. Rxc5
Rg7 40. d4 Re7 41. Rf1+ Kg6 42. Rf3 h5 43. Rg3 1-0

[Event "IX Open Autunno"]
[Site "Robecchetto con Induno ITA"]
[Date "2012.11.08"]
[Round "5"]
[White "Macchiettini, Pierangelo"]
[Black "Colombo, Maurizio"]
[WhiteElo "1712"]
[BlackElo "1694"]
[Result "0-1"]
[PlyCount "64"]
[EventDate "2012.10.04"]

1. d4 Nf6 2. c4 g6 3. Nc3 Bg7 4. e4 d6 5. f4 O-O 6. Nf3 Na6 7. Be2 e5 8. fxe5
dxe5 9. d5 Nc5 10. Qc2 Nfxe4 11. Nxe4 Bf5 12. Bd3 Bxe4 13. Bxe4 f5 14. Bxf5
Rxf5 15. Be3 e4 16. Ng5 Nd3+ 17. Ke2 Qxg5 18. Bxg5 Rf2+ 19. Kd1 Nxb2+ 20. Kc1
Nd3+ 21. Qxd3 exd3 22. Rb1 Rxg2 23. Bf4 Rc2+ 24. Kd1 Rxc4 25. Be3 b6 26. Kd2
Re8 27. Rb3 Rc2+ 28. Kxd3 Rxa2 29. Bf4 Rd8 30. Ke4 Ra4+ 31. Ke3 Re8+ 32. Kf3
Rf8 0-1

[Event "IX Open Autunno"]
[Site "Robecchetto con Induno ITA"]
[Date "2012.11.08"]
[Round "5"]
[White "Marchesotti, Giovanni"]
[Black "Redamante, Marzio"]
[WhiteElo "1555"]
[BlackElo "1491"]
[Result "1/2-1/2"]
[PlyCount "79"]
[EventDate "2012.10.04"]

1. Nf3 d5 2. g3 e6 3. Bg2 Nf6 4. O-O c5 5. d3 Be7 6. Nbd2 Nc6 7. Re1 O-O 8. e4
d4 9. e5 Nd5 10. Ne4 Qc7 11. Neg5 h6 12. Nh3 Rd8 13. Qe2 Ndb4 14. a3 Nd5 15.
Nf4 Nxf4 16. Bxf4 b6 17. g4 g5 18. Bg3 Bb7 19. h4 Rd7 20. Qd2 Qd8 21. hxg5 hxg5
22. Nh2 Bf8 23. Nf3 Be7 24. Nh2 Kh8 25. f4 gxf4 26. Qxf4 Bg5 27. Qf1 Qg8 28.
Bf3 Qh7 29. Qg2 Rc7 30. Nf1 Kg7 31. Qh2 Qxh2+ 32. Bxh2 Bh4 33. Re2 Rh8 34. Bf4
Bd8 35. Ng3 Ne7 36. Bxb7 Rxb7 37. Rh2 Rxh2 38. Kxh2 Ng6 39. Nh5+ Kg8 40. Kg3
1/2-1/2

[Event "IX Open Autunno"]
[Site "Robecchetto con Induno ITA"]
[Date "2012.11.08"]
[Round "5"]
[White "Moroni, Luca"]
[Black "Castiglioni, Fabrizio"]
[WhiteElo "1873"]
[BlackElo "1512"]
[Result "1-0"]
[PlyCount "41"]
[EventDate "2012.10.04"]

1. Nf3 Nf6 2. d4 g6 3. Bf4 Bg7 4. h3 O-O 5. e3 d6 6. Bc4 Nc6 7. a4 d5 8. Be2
Bf5 9. c3 a6 10. O-O Re8 11. Bd3 Bxd3 12. Qxd3 Ne4 13. Nbd2 Nd6 14. Rfe1 e6 15.
e4 dxe4 16. Nxe4 Nxe4 17. Qxe4 Bf8 18. Ne5 Nxe5 19. Bxe5 c6 20. Qf4 Qb6 21. Qf6
1-0

[Event "IX Open Autunno"]
[Site "Robecchetto con Induno ITA"]
[Date "2012.11.08"]
[Round "5"]
[White "Ragoso, Mario"]
[Black "Sartorio, Alessandro"]
[WhiteElo "1661"]
[BlackElo "1221"]
[Result "1-0"]
[PlyCount "67"]
[EventDate "2012.10.04"]

1. e4 e5 2. Nf3 Nf6 3. Nc3 Bb4 4. d3 O-O 5. Nxe5 d6 6. Nf3 Nc6 7. Be2 d5 8. e5
Nd7 9. d4 Re8 10. O-O Bxc3 11. bxc3 f6 12. exf6 Nxf6 13. Bd3 Ne4 14. Bb2 Qf6
15. Rb1 Qg6 16. Kh1 Bf5 17. Nh4 Qg5 18. Nxf5 Qxf5 19. f3 Qg6 20. fxe4 dxe4 21.
Bc4+ Kh8 22. Bf7 Qg5 23. Bxe8 Rxe8 24. Qe2 e3 25. Ba3 Ne7 26. Rxb7 Ng6 27. Rb5
Qh6 28. Rh5 Nf4 29. Rxh6 Nxe2 30. Re6 Rg8 31. Rxe3 Nxc3 32. Rxc3 h6 33. Rf8 Kh7
34. Rxc7 1-0

[Event "IX Open Autunno"]
[Site "Robecchetto con Induno ITA"]
[Date "2012.11.08"]
[Round "5"]
[White "Ruggeri, Igor"]
[Black "Testa, Loris"]
[WhiteElo "1545"]
[BlackElo "1909"]
[Result "0-1"]
[PlyCount "100"]
[EventDate "2012.10.04"]

1. d4 d5 2. c4 c6 3. Nf3 e6 4. e3 Nf6 5. Bd3 dxc4 6. Bxc4 b5 7. Bd3 Bb7 8. O-O
Nbd7 9. Nc3 a6 10. a3 c5 11. dxc5 Bxc5 12. e4 O-O 13. Re1 Ng4 14. Re2 Qb6 15.
Be3 Nxe3 16. fxe3 Bxe3+ 17. Kh1 Rfd8 18. Qe1 Bf4 19. Qh4 e5 20. Ng5 Bxg5 21.
Qxg5 Nc5 22. Bc2 f6 23. Qh4 Rd4 24. Rf1 Rad8 25. Ref2 R8d6 26. Qh5 Qd8 27. b4
Nxe4 28. Bb3+ Kh8 29. Nxe4 Bxe4 30. Kg1 Rd2 31. Qf7 Qb8 32. h4 Bg6 33. Qe7 Qd8
34. Qb7 h5 35. Rc1 Qd7 36. Rc7 Qg4 37. Rc8+ Kh7 38. Rg8 Rd1+ 39. Bxd1 Rxd1+ 40.
Rf1 Qd4+ 41. Kh2 Qxh4+ 42. Kg1 Rxf1+ 43. Kxf1 Kxg8 44. Qxa6 Bd3+ 45. Kg1 Qe1+
46. Kh2 h4 47. Qe6+ Kh7 48. Qd5 Be4 49. Qa2 Qg3+ 50. Kg1 h3 0-1

[Event "IX Open Autunno"]
[Site "Robecchetto con Induno ITA"]
[Date "2012.11.08"]
[Round "5"]
[White "Santarelli, Sabatino"]
[Black "Ongaro, Andrea"]
[WhiteElo "1604"]
[BlackElo "1579"]
[Result "1-0"]
[PlyCount "31"]
[EventDate "2012.10.04"]

1. d4 f5 2. Nf3 d5 3. c4 c6 4. Nc3 e6 5. Bg5 Nf6 6. e3 h6 7. Bf4 Nbd7 8. h3 Be7
9. Bd3 b6 10. O-O O-O 11. Rc1 Bb7 12. cxd5 cxd5 13. Nb5 Rc8 14. Rxc8 Qxc8 15.
Nxa7 Ba6 16. Nxc8 1-0

[Event "IX Open Autunno"]
[Site "Robecchetto con Induno ITA"]
[Date "2012.11.08"]
[Round "5"]
[White "Sigismondi, Piero"]
[Black "Giusti, Francesco"]
[WhiteElo "1416"]
[BlackElo "1568"]
[Result "0-1"]
[PlyCount "96"]
[EventDate "2012.10.04"]

1. d4 d5 2. Nf3 Nf6 3. e3 c6 4. Bd3 Qa5+ 5. Nbd2 Bg4 6. O-O Nbd7 7. h3 Bh5 8.
b3 e6 9. Bb2 Bb4 10. Be2 g5 11. a3 Bxd2 12. Nxd2 Bg6 13. c4 h5 14. b4 Qc7 15.
cxd5 exd5 16. Nb3 a6 17. Rc1 Qd6 18. Nc5 Qc7 19. Nd3 g4 20. h4 Ne4 21. Nc5 Ndf6
22. Bd3 Rg8 23. Qc2 g3 24. Nxe4 Bxe4 25. f3 Bxd3 26. Qxd3 Qd7 27. Rc5 Qe7 28.
e4 Nd7 29. Rc2 Qxh4 30. Re1 Qh2+ 31. Kf1 Qh1+ 32. Ke2 Qxg2+ 33. Kd1 Qh3 34.
exd5+ Kf8 35. Qe3 Rg6 36. f4 cxd5 37. Rg1 Re8 38. Qf3 Qg4 39. Qxg4 Rxg4 40. Bc1
Re4 41. Rc7 Rxd4+ 42. Ke2 Nf6 43. Rxb7 h4 44. Kf3 h3 45. Rxg3 Rd3+ 46. Kf2
Rdxg3 47. Bb2 Ne4+ 48. Ke2 Rg2+ 0-1

[Event "IX Open Autunno"]
[Site "Robecchetto con Induno ITA"]
[Date "2012.11.08"]
[Round "5"]
[White "Torretta, Gilberto"]
[Black "Libutti, Michele"]
[WhiteElo "1675"]
[BlackElo "1727"]
[Result "0-1"]
[PlyCount "62"]
[EventDate "2012.10.04"]

1. e4 c6 2. d4 d5 3. e5 Bf5 4. Nf3 e6 5. Be3 Nd7 6. Nbd2 c5 7. c3 Qb6 8. Nh4
Ne7 9. g4 Bg6 10. Nxg6 hxg6 11. Qa4 Nc6 12. Bb5 Rc8 13. Nf3 a6 14. Bxc6 Rxc6
15. O-O Be7 16. Qc2 Qc7 17. dxc5 Nxe5 18. Nxe5 Qxe5 19. Rfe1 Qxh2+ 20. Kf1 Qh3+
21. Ke2 Qxg4+ 22. Kd2 Bxc5 23. Qd3 Rh3 24. Rad1 Bxe3+ 25. Rxe3 Rxe3 26. Qxe3
Qc4 27. b3 Qc5 28. Qe5 Qxf2+ 29. Kc1 Qc5 30. c4 dxc4 31. Qb8+ Rc8 0-1

[Event "IX Open Autunno"]
[Site "Robecchetto con Induno ITA"]
[Date "2012.11.15"]
[Round "6"]
[White "Colombo, Maurizio"]
[Black "Testa, Loris"]
[WhiteElo "1694"]
[BlackElo "1909"]
[Result "0-1"]
[PlyCount "136"]
[EventDate "2012.10.04"]

1. d4 d5 2. c4 c6 3. Nc3 e6 4. Nf3 h6 5. e4 Bb4 6. e5 Ne7 7. a3 Bxc3+ 8. bxc3
c5 9. Be3 Nf5 10. Qd2 Nxe3 11. Qxe3 cxd4 12. cxd4 dxc4 13. Bxc4 Qa5+ 14. Qd2
Nc6 15. Qxa5 Nxa5 16. Ba2 Bd7 17. d5 exd5 18. Bxd5 Bc6 19. Bxc6+ Nxc6 20. O-O
Ke7 21. Rab1 b6 22. Rbc1 Rac8 23. Rfd1 Rhd8 24. Rxd8 Rxd8 25. Kf1 Na5 26. Ke2
Nb3 27. Rc7+ Rd7 28. Rxd7+ Kxd7 29. Kd3 Nc5+ 30. Kd4 Kc6 31. Nd2 b5 32. f4 a5
33. g4 b4 34. axb4 axb4 35. Kc4 b3 36. f5 b2 37. e6 fxe6 38. fxe6 Nxe6 39. Kc3
Kd5 40. Kxb2 Kd4 41. Kc2 Ke3 42. Kd1 Kf2 43. h4 Kg3 44. g5 h5 45. Ne4+ Kxh4 46.
Ke2 Nxg5 47. Nd6 Kg4 48. Kf2 h4 49. Kg2 h3+ 50. Kg1 Nf3+ 51. Kh1 Kf4 52. Ne4
Nh4 53. Nf2 Kg3 54. Ne4+ Kf3 55. Ng5+ Kg4 56. Ne4 g5 57. Nf2+ Kg3 58. Ne4+ Kf4
59. Nf2 g4 60. Nxh3+ gxh3 61. Kh2 Kg4 62. Kg1 Nf5 63. Kh2 Kh4 64. Kh1 Ng3+ 65.
Kh2 Nf1+ 66. Kg1 Kg3 67. Kh1 Nh2 68. Kg1 Ng4 0-1

[Event "IX Open Autunno"]
[Site "Robecchetto con Induno ITA"]
[Date "2012.11.15"]
[Round "6"]
[White "Giusti, Francesco"]
[Black "Libutti, Michele"]
[WhiteElo "1568"]
[BlackElo "1727"]
[Result "0-1"]
[PlyCount "94"]
[EventDate "2012.10.04"]

1. e4 c6 2. Nf3 d5 3. e5 Bg4 4. Be2 e6 5. d4 c5 6. c3 Nd7 7. Qb3 Qc7 8. O-O Ne7
9. Na3 a6 10. Bf4 Nc6 11. Qc2 Rc8 12. Rad1 Bxf3 13. Bxf3 cxd4 14. cxd4 Nxd4 15.
Qa4 Nc6 16. Bxd5 Nb6 17. Bxc6+ Qxc6 18. Qxc6+ Rxc6 19. Rc1 Bxa3 20. Rxc6 bxc6
21. bxa3 Nd5 22. Bd2 Kd7 23. Rb1 Rc8 24. Ba5 c5 25. Rb7+ Nc7 26. Kf1 Kc6 27.
Rb6+ Kd5 28. Ke2 c4 29. Kd2 Nb5 30. a4 c3+ 31. Kc1 Nd4 32. Rxa6 c2 33. Rd6+
Kxe5 34. Rxd4 Kxd4 35. Bb4 Kc4 36. a3 Kd3 37. f4 Rc6 38. a5 f6 39. Bf8 g6 40.
Bb4 e5 41. fxe5 fxe5 42. g4 e4 43. g5 e3 44. h4 Ke2 45. a6 Rxa6 46. Kxc2 Rc6+
47. Bc3 Kf1 0-1

[Event "IX Open Autunno"]
[Site "Robecchetto con Induno ITA"]
[Date "2012.11.15"]
[Round "6"]
[White "Macchiettini, Pierangelo"]
[Black "Ruggeri, Igor"]
[WhiteElo "1712"]
[BlackElo "1545"]
[Result "1-0"]
[PlyCount "107"]
[EventDate "2012.10.04"]

1. d4 d5 2. Nf3 Nf6 3. c4 e6 4. a3 g6 5. Nc3 Bg7 6. e3 O-O 7. Bd3 Nbd7 8. O-O
c5 9. cxd5 exd5 10. dxc5 Nxc5 11. Be2 Nce4 12. Bd2 Be6 13. Be1 Rc8 14. Nd4 Qd7
15. Na4 Nc5 16. Nxc5 Rxc5 17. Bb4 b6 18. Bxc5 bxc5 19. Nxe6 fxe6 20. Rb1 Ne4
21. Bf3 Ng5 22. Bg4 d4 23. Qb3 h5 24. Be2 Kh8 25. Qc2 Qf7 26. Bd3 Nf3+ 27. gxf3
Qxf3 28. Be4 Qg4+ 29. Bg2 dxe3 30. fxe3 Rc8 31. Rf4 Qg5 32. Rbf1 Be5 33. Rf8+
Rxf8 34. Rxf8+ Kg7 35. Qf2 Qe7 36. Ra8 Bf6 37. Be4 c4 38. Rb8 Bh4 39. Qg2 Qf6
40. Qxg6+ Qxg6+ 41. Bxg6 Kxg6 42. Rc8 Bg5 43. Kf2 c3 44. Rxc3 Bf6 45. Rb3 Kf5
46. Rb7 Kg4 47. Kg2 h4 48. h3+ Kf5 49. Kf3 Ke5 50. b4 Kd5 51. Rxa7 Kc6 52. a4
Kb6 53. Rf7 Be5 54. Re7 1-0

[Event "IX Open Autunno"]
[Site "Robecchetto con Induno ITA"]
[Date "2012.11.15"]
[Round "6"]
[White "Minore, Antonino"]
[Black "Ragoso, Mario"]
[WhiteElo "1295"]
[BlackElo "1661"]
[Result "0-1"]
[PlyCount "114"]
[EventDate "2012.10.04"]

1. d4 Nf6 2. Bf4 g6 3. Nc3 Bg7 4. Qd2 c6 5. O-O-O d6 6. f3 O-O 7. Bh6 b5 8.
Bxg7 Kxg7 9. a3 a5 10. e4 b4 11. Nb1 Qb6 12. g4 Nbd7 13. h4 Rb8 14. a4 h5 15.
gxh5 Nxh5 16. Qg5 Ndf6 17. Ne2 Ba6 18. Nf4 Bxf1 19. Nxh5+ Nxh5 20. Rhxf1 Qc7
21. Rg1 Rh8 22. f4 Nf6 23. Nd2 Rh5 24. Qg3 e6 25. Qf3 Rxh4 26. Rg5 Rbh8 27. e5
Nd5 28. Rg4 Rxg4 29. Qxg4 Ne3 30. Qf3 Nxd1 31. Qxd1 d5 32. b3 c5 33. Kb2 cxd4
34. Nf3 Qc3+ 35. Ka2 d3 36. Qxd3 Qxd3 37. cxd3 Rh3 38. Nd4 Rxd3 39. Nc6 Rc3 40.
Nxa5 d4 41. Nc4 d3 42. a5 Rxc4 43. bxc4 d2 44. Kb3 d1=Q+ 45. Kxb4 Qb1+ 46. Kc5
Qb7 47. Kd6 Qa6+ 48. Ke7 Qxa5 49. c5 Qxc5+ 50. Ke8 Kg8 51. f5 gxf5 52. Kd7 Kf8
53. Kd8 Qe7+ 54. Kc8 Ke8 55. Kb8 Kd8 56. Ka8 Qb4 57. Ka7 Kc7 0-1

[Event "IX Open Autunno"]
[Site "Robecchetto con Induno ITA"]
[Date "2012.11.15"]
[Round "6"]
[White "Ongaro, Andrea"]
[Black "Marchesotti, Giovanni"]
[WhiteElo "1579"]
[BlackElo "1555"]
[Result "1-0"]
[PlyCount "55"]
[EventDate "2012.10.04"]

1. e4 d6 2. d4 g6 3. Be3 Bg7 4. Bc4 Nf6 5. Nc3 O-O 6. f3 Nbd7 7. Qd2 c6 8. Bh6
b5 9. Bxg7 Kxg7 10. Bd3 b4 11. Nce2 Qb6 12. Nh3 c5 13. c3 Bb7 14. Nf2 e5 15. d5
a5 16. c4 Qd8 17. g4 h6 18. O-O-O Nh7 19. h4 Qe7 20. Ng3 Nb6 21. Kb1 Ba6 22.
Rc1 Bc8 23. Nd1 Bd7 24. Ne3 f6 25. Rcf1 Rf7 26. h5 Rh8 27. hxg6 Kxg6 28. Rxh6+
1-0

[Event "IX Open Autunno"]
[Site "Robecchetto con Induno ITA"]
[Date "2012.11.15"]
[Round "6"]
[White "Redamante, Marzio"]
[Black "Castiglioni, Fabrizio"]
[WhiteElo "1491"]
[BlackElo "1512"]
[Result "0-1"]
[PlyCount "74"]
[EventDate "2012.10.04"]

1. c4 Nf6 2. Nc3 g6 3. g3 Bg7 4. d3 d6 5. Bg2 Nc6 6. Nf3 O-O 7. O-O e5 8. Bg5
h6 9. Bd2 Ne7 10. Qc1 Kh7 11. Re1 c6 12. Nd1 Bg4 13. Ne3 Be6 14. Bc3 Qd7 15.
Rd1 Bh3 16. Bh1 Rad8 17. Ba5 b6 18. Be1 Nh5 19. Rb1 f5 20. d4 f4 21. Nc2 e4 22.
Nd2 e3 23. Nf3 exf2+ 24. Bxf2 fxg3 25. hxg3 Nf5 26. Kh2 Rde8 27. Qd2 Nf6 28.
Kxh3 Rxe2 29. Qxe2 Nxd4+ 30. Kg2 Nxe2 31. Kf1 Nxg3+ 32. Bxg3 Qh3+ 33. Bg2 Qxg3
34. Re1 Ng4 35. Re2 Rxf3+ 36. Bxf3 Qxf3+ 37. Ke1 Qh1+ 0-1

[Event "IX Open Autunno"]
[Site "Robecchetto con Induno ITA"]
[Date "2012.11.15"]
[Round "6"]
[White "Santarelli, Sabatino"]
[Black "Moroni, Luca"]
[WhiteElo "1604"]
[BlackElo "1873"]
[Result "0-1"]
[PlyCount "94"]
[EventDate "2012.10.04"]

1. Nf3 c5 2. c4 d6 3. g3 Nf6 4. Bg2 g6 5. O-O Bg7 6. Nc3 O-O 7. Rb1 Nc6 8. a3
Be6 9. d3 a6 10. Bd2 Qc8 11. Re1 Rb8 12. Qc1 Bh3 13. Bh6 Bxg2 14. Kxg2 b5 15.
Bxg7 Kxg7 16. Qg5 h6 17. Qd2 Qb7 18. Kg1 Nd4 19. Nxd4 cxd4 20. Na2 Qd7 21. Rec1
Qh3 22. f3 Rbc8 23. Nb4 bxc4 24. dxc4 e5 25. Nd5 Nxd5 26. cxd5 Qd7 27. Qa5 Qb7
28. Rxc8 Rxc8 29. Kf1 Rc5 30. Qd2 Qxd5 31. Rc1 Qc6 32. Rxc5 dxc5 33. Kf2 c4 34.
h4 Qd5 35. e4 Qc5 36. Kf1 a5 37. f4 Qb5 38. Ke1 Qb3 39. Kf2 c3 40. bxc3 dxc3
41. Qd6 Qb2+ 42. Kf3 c2 43. fxe5 Qb3+ 44. Kf2 c1=Q 45. Qf6+ Kh7 46. h5 Qbe3+
47. Kg2 Qxe4+ 0-1

[Event "IX Open Autunno"]
[Site "Robecchetto con Induno ITA"]
[Date "2012.11.15"]
[Round "6"]
[White "Sartorio, Alessandro"]
[Black "Volpe, Antonio"]
[WhiteElo "1221"]
[BlackElo "1727"]
[Result "1-0"]
[PlyCount "41"]
[EventDate "2012.10.04"]

1. e4 e5 2. Nf3 Nc6 3. Bc4 d6 4. O-O Bg4 5. d3 Nf6 6. Bg5 Be7 7. Nc3 O-O 8. Nd5
Nxd5 9. Bxe7 Ncxe7 10. Bxd5 Nxd5 11. exd5 c5 12. h3 Bh5 13. Qe2 b5 14. c4 b4
15. b3 a5 16. Qe4 a4 17. Nd2 Ra7 18. f4 axb3 19. Nxb3 Ra3 20. g4 Bg6 21. f5 1-0

[Event "IX Open Autunno"]
[Site "Robecchetto con Induno ITA"]
[Date "2012.11.15"]
[Round "6"]
[White "Sigismondi, Piero"]
[Black "Torretta, Gilberto"]
[WhiteElo "1416"]
[BlackElo "1675"]
[Result "0-1"]
[PlyCount "64"]
[EventDate "2012.10.04"]

1. d4 g6 2. Nf3 Bg7 3. e4 d6 4. Nc3 c6 5. Bf4 Bg4 6. Be2 b5 7. a3 Nd7 8. O-O
Qb6 9. Be3 a6 10. Qd2 h5 11. d5 c5 12. b4 Qc7 13. Rab1 cxb4 14. axb4 Bxc3 15.
Qd3 Bxf3 16. Bxf3 Ne5 17. Qe2 Nf6 18. Rfd1 Nxf3+ 19. Qxf3 Rc8 20. g3 h4 21. Rb3
hxg3 22. fxg3 Qd7 23. h4 Qh3 24. Kf2 Be5 25. c3 Ng4+ 26. Ke2 Qh2+ 27. Kd3 Nxe3
28. Kxe3 Qxg3 29. Rf1 Rxh4 30. Ke2 Rc4 31. Qxf7+ Kd8 32. Qe6 Rh2+ 0-1

[Event "IX Open Autunno"]
[Site "Robecchetto con Induno ITA"]
[Date "2012.11.22"]
[Round "7"]
[White "Castiglioni, Fabrizio"]
[Black "Santarelli, Sabatino"]
[WhiteElo "1512"]
[BlackElo "1604"]
[Result "1/2-1/2"]
[PlyCount "127"]
[EventDate "2012.10.04"]

1. e4 c5 2. Nf3 d6 3. d4 Nf6 4. Nc3 cxd4 5. Nxd4 Nc6 6. Be3 Ng4 7. Bc4 Nge5 8.
Bd5 Bd7 9. Nxc6 bxc6 10. Bb3 g6 11. f4 Ng4 12. Bd4 e5 13. fxe5 Nxe5 14. O-O Be6
15. Bxe6 fxe6 16. Qe1 Bg7 17. Ne2 Qe7 18. Bc3 c5 19. Rd1 O-O-O 20. b4 Rhf8 21.
Rxf8 Rxf8 22. Qg3 Nc4 23. Bxg7 Qxg7 24. bxc5 dxc5 25. Rb1 Qe5 26. Qd3 Nb6 27.
Rd1 c4 28. Qa3 Rf7 29. Qa6+ Rb7 30. Qa3 Nd7 31. Qe7 Qc5+ 32. Qxc5+ Nxc5 33. Rd4
Rc7 34. Rxc4 e5 35. Nc1 Kd7 36. Nd3 Kd6 37. Kf1 Nxd3 38. Rxc7 Kxc7 39. cxd3 Kc6
40. Ke2 Kc5 41. Ke3 a5 42. a3 a4 43. h3 h6 44. Kd2 Kd4 45. Kc2 h5 46. h4 Ke3
47. Kc3 Kf4 48. Kb4 Kg4 49. Kxa4 Kxh4 50. Kb4 Kg3 51. a4 h4 52. a5 Kxg2 53. a6
h3 54. a7 h2 55. a8=Q h1=Q 56. Qa2+ Kg3 57. Qd2 Qb1+ 58. Kc4 Kf3 59. Kc3 Qg1
60. Qh6 Qg3 61. Qh1+ Kg4 62. Qd1+ Kf4 63. Qd2+ Qe3 64. Qh2+ 1/2-1/2

[Event "IX Open Autunno"]
[Site "Robecchetto con Induno ITA"]
[Date "2012.11.22"]
[Round "7"]
[White "Libutti, Michele"]
[Black "Colombo, Maurizio"]
[WhiteElo "1727"]
[BlackElo "1694"]
[Result "0-1"]
[PlyCount "122"]
[EventDate "2012.10.04"]

1. d4 Nf6 2. c4 e6 3. Nc3 Bb4 4. e3 c5 5. Nf3 Nc6 6. Bd3 Bxc3+ 7. bxc3 d6 8.
O-O e5 9. e4 O-O 10. Bg5 h6 11. Bh4 cxd4 12. cxd4 Bg4 13. Bxf6 Qxf6 14. d5 Nd4
15. Be2 Nxe2+ 16. Qxe2 Bxf3 17. Qxf3 Qxf3 18. gxf3 Rfc8 19. Rfc1 Rc5 20. Rab1
b6 21. Rb5 Rac8 22. Rxc5 Rxc5 23. a4 Kf8 24. Kf1 Ke7 25. Ke2 Kf6 26. Kd3 g6 27.
h4 h5 28. Kc3 g5 29. Rh1 gxh4 30. Rxh4 Kg5 31. Rh3 h4 32. Rh1 f6 33. Kb4 a5+
34. Kb3 Rc7 35. Rg1+ Kf4 36. Rg4+ Kxf3 37. Rxh4 Kxf2 38. Rh6 Rf7 39. Kc3 Kf3
40. Kd3 Kg4 41. Ke3 Kg5 42. Rh8 f5 43. Rg8+ Kf6 44. exf5 Kxf5 45. Rd8 Rc7 46.
Rxd6 Rxc4 47. Rxb6 Rxa4 48. d6 Ra3+ 49. Ke2 Ke6 50. Ra6 a4 51. Kd2 Ra1 52. Kc2
a3 53. Kb3 Rd1 54. Kc2 Rxd6 55. Rxa3 Kf5 56. Rd3 Rxd3 57. Kxd3 Kf4 58. Kd2 Kf3
59. Kd1 Kf2 60. Kd2 e4 61. Kd1 e3 0-1

[Event "IX Open Autunno"]
[Site "Robecchetto con Induno ITA"]
[Date "2012.11.22"]
[Round "7"]
[White "Moroni, Luca"]
[Black "Ongaro, Andrea"]
[WhiteElo "1873"]
[BlackElo "1579"]
[Result "1/2-1/2"]
[PlyCount "78"]
[EventDate "2012.10.04"]

1. Nf3 Nf6 2. d4 d5 3. Bf4 Bg4 4. h3 Bxf3 5. exf3 e6 6. Bd3 Bd6 7. Be5 Qe7 8.
f4 a6 9. Nd2 c5 10. c3 Nc6 11. Nf3 cxd4 12. O-O Rc8 13. cxd4 O-O 14. Rc1 Nb4
15. Bb1 h6 16. a3 Nc6 17. Re1 Nb8 18. Bxd6 Qxd6 19. Ne5 Nbd7 20. Qd3 Rfe8 21.
Qf3 Nf8 22. g4 N6h7 23. Qg3 Rxc1 24. Rxc1 f6 25. Ng6 Nxg6 26. Bxg6 Rd8 27. h4
Nf8 28. h5 Nd7 29. Qe3 Nf8 30. Bd3 Qe7 31. Kg2 Qe8 32. f3 Rc8 33. Kg3 Qd8 34.
Rxc8 Qxc8 35. Bg6 Nxg6 36. hxg6 Kf8 37. Qb3 Ke7 38. a4 Qd7 39. Qc2 b5 1/2-1/2

[Event "IX Open Autunno"]
[Site "Robecchetto con Induno ITA"]
[Date "2012.11.22"]
[Round "7"]
[White "Ragoso, Mario"]
[Black "Giusti, Francesco"]
[WhiteElo "1661"]
[BlackElo "1568"]
[Result "0-1"]
[PlyCount "74"]
[EventDate "2012.10.04"]

1. d4 d5 2. c4 Nf6 3. Nf3 Bg4 4. Nc3 e6 5. Bg5 h6 6. cxd5 hxg5 7. dxe6 Bxe6 8.
Nxg5 Nd5 9. Nxe6 fxe6 10. Qd3 Nxc3 11. Qg6+ Kd7 12. bxc3 Rh6 13. Qg4 Qf6 14. e3
a6 15. Bc4 b5 16. Bxe6+ Qxe6 17. Qf4 Nc6 18. d5 Qf6 19. dxc6+ Qxc6 20. Rd1+ Bd6
21. Qf7+ Kc8 22. Qxg7 Rxh2 23. Rxh2 Bxh2 24. Qh8+ Kb7 25. Qxh2 Qxc3+ 26. Kf1
Rh8 27. Qf4 Rh1+ 28. Ke2 Rxd1 29. Kxd1 Qa1+ 30. Ke2 Qxa2+ 31. Kf3 Qa4 32. g4 b4
33. g5 Qd1+ 34. Kg3 b3 35. Qe4+ Ka7 36. g6 b2 37. g7 b1=Q 0-1

[Event "IX Open Autunno"]
[Site "Robecchetto con Induno ITA"]
[Date "2012.11.22"]
[Round "7"]
[White "Ruggeri, Igor"]
[Black "Redamante, Marzio"]
[WhiteElo "1545"]
[BlackElo "1491"]
[Result "1-0"]
[PlyCount "67"]
[EventDate "2012.10.04"]

1. d4 d5 2. c4 e6 3. Nc3 Nf6 4. Bg5 Be7 5. Nf3 O-O 6. e3 b6 7. Bd3 dxc4 8. Bxc4
Bb7 9. O-O Qc8 10. Rc1 h6 11. Bf4 Rd8 12. Bb3 c5 13. Nb5 Qc6 14. Nc7 g5 15. Be5
Nbd7 16. Ba4 Qe4 17. Bc2 Qc6 18. Ba4 Qe4 19. Qe2 Rac8 20. Bc2 Qc6 21. Nb5 Ra8
22. Nc3 Nxe5 23. dxe5 Ng4 24. Be4 Qc7 25. Bxb7 Qxb7 26. h3 Nxf2 27. Qxf2 Bf8
28. Qg3 Rd3 29. h4 b5 30. hxg5 h5 31. g6 Bg7 32. gxf7+ Kf8 33. Ng5 Ke7 34. Nh7
1-0